000 00400nam a2200133Ia 4500
008 100328s9999 xx 000 0 und d
082 _b60234
100 _aकेळकर गोविंद.
245 _aसुगंधोपासना.
260 _bगं्रथाली.
630 _aसुगंधोपासना.
730 _aसुगंधोपासना.
942 _cBOOK
999 _c546396
_d546393